[Event "Salon de Provence op 6th"]
[Site "Salon de Provence"]
[Date "2015.07.04"]
[Round "3"]
[White "Colandrea, Sauveur"]
[Black "Rihouey, Franck"]
[Result "1/2-1/2"]
[WhiteElo "1765"]
[BlackElo "1862"]
[PlyCount "77"]
[EventDate "2015.07.04"]
[EventType "swiss"]
[EventRounds "9"]
[EventCountry "FRA"]
[SourceTitle "EXT 2016"]
[Source "ChessBase"]
[SourceDate "2015.10.08"]
[SourceVersion "1"]
[SourceVersionDate "2015.10.08"]
[SourceQuality "1"]

1. e4 d5 2. exd5 Qxd5 3. Nc3 Qd6 4. d4 Nf6 5. Nf3 a6 6. Be2 Bf5 7. 0-0 Nc6 8. h3 0-0-0 9. Be3 h6 10. a3 g5 11. b4 e5 12. b5 axb5 13. Nxb5 Qe6 14. c4 exd4 15. Qa4 dxe3 16. Qa8+ Kd7 17. Qxb7 Ne8 18. Rad1+ Ke7 19. Nxc7 Nxc7 20. Rxd8 exf2+ 21. Kh1 Nxd8 22. Qxc7+ Ke8 23. Nd4 Qe3 24. c5 Qxd4 25. Bb5+ Bd7 26. Bxd7+ Qxd7 27. Qe5+ Qe6 28. Qxh8 Qe1 29. Qa1 Qxa1 30. Rxa1 Bxc5 31. a4 Nc6 32. g3 Nd4 33. Kg2 Nb3 34. Ra2 Kd7 35. Rb2 Nc1 36. a5 Kc6 37. Rc2 Nd3 38. Rc3 Nb4 39. Rf3 1/2-1/2

[Event "Salon de Provence op 6th"]
[Site "Salon de Provence"]
[Date "2015.07.04"]
[Round "8"]
[White "Rihouey, Franck"]
[Black "Baroyan, Davit"]
[Result "1-0"]
[WhiteElo "1862"]
[BlackElo "1978"]
[PlyCount "77"]
[EventDate "2015.07.04"]
[EventType "swiss"]
[EventRounds "9"]
[EventCountry "FRA"]
[SourceTitle "EXT 2016"]
[Source "ChessBase"]
[SourceDate "2015.10.08"]
[SourceVersion "1"]
[SourceVersionDate "2015.10.08"]
[SourceQuality "1"]

1. d4 Nf6 2. Nf3 d5 3. e3 e6 4. Bd3 c5 5. c3 Nc6 6. Nbd2 Bd6 7. 0-0 0-0 8. dxc5 Bxc5 9. e4 Qc7 10. Qe2 h6 11. b4 Bd6 12. Bb2 Ne5 13. Nxe5 Bxe5 14. Nf3 dxe4 15. Bxe4 Nxe4 16. Nxe5 Nxc3 17. Bxc3 Qxc3 18. a3 b6 19. Rfc1 Qd4 20. Rd1 Qh4 21. Rac1 a5 22. Rc7 axb4 23. axb4 Qf4 24. g3 Qf5 25. b5 f6 26. Nc6 Qh3 27. Ne7+ Kh7 28. Qe4+ f5 29. Qxa8 f4 30. Qe4+ Rf5 31. Nxf5 exf5 32. Qe7 Qg4 33. f3 Qg6 34. Rd6 fxg3 35. Rxg6 gxh2+ 36. Kxh2 Kxg6 37. Qxg7+ Kh5 38. Rc6 Be6 39. Rxe6 1-0

[Event "Salon de Provence op 6th"]
[Site "Salon de Provence"]
[Date "2015.07.04"]
[Round "2"]
[White "Rihouey, Franck"]
[Black "Chauvet, Vincent"]
[Result "0-1"]
[WhiteElo "1862"]
[BlackElo "2146"]
[PlyCount "160"]
[EventDate "2015.07.04"]
[EventType "swiss"]
[EventRounds "9"]
[EventCountry "FRA"]
[SourceTitle "EXT 2016"]
[Source "ChessBase"]
[SourceDate "2015.10.08"]
[SourceVersion "1"]
[SourceVersionDate "2015.10.08"]
[SourceQuality "1"]

1. d4 d5 2. Nf3 Nf6 3. e3 c5 4. c3 Nc6 5. Bd3 Bg4 6. Nbd2 e6 7. Qa4 Bxf3 8. Nxf3 Bd6 9. dxc5 Bxc5 10. Ne5 Qc7 11. Nxc6 bxc6 12. b4 Bd6 13. b5 0-0 14. bxc6 Be5 15. Bd2 Rac8 16. f4 Bd6 17. 0-0 Qxc6 18. Qxc6 Rxc6 19. Rab1 Bc5 20. Rfe1 Ne4 21. Bxe4 dxe4 22. Kf2 Rd8 23. Ke2 Bb6 24. Rec1 f5 25. Rc2 Rc4 26. Rb4 Rdc8 27. Rxc4 Rxc4 28. Rb2 Ra4 29. Rc2 Kf7 30. Kd1 Ke7 31. Kc1 Kd6 32. Kb2 Rc4 33. Kb3 Kd5 34. Bc1 Rc8 35. c4+ Kc6 36. a4 Rb8 37. Kc3 Bc5 38. Rb2 Rc8 39. Rb3 a5 40. Kc2 Bb4 41. Bb2 Kc5 42. Bxg7 Rg8 43. Bd4+ Kxc4 44. g3 h5 45. Bf6 Rg6 46. Bd8 Rg7 47. Bf6 Rd7 48. Bd4 Rd8 49. Rb1 h4 50. Rg1 h3 51. g4 e5 52. fxe5 f4 53. g5 f3 54. e6 f2 55. Rf1 Rxd4 56. Rxf2 Rd8 57. Rf7 Re8 58. Rf6 Kd5 59. Rh6 Rxe6 60. Rxh3 Rg6 61. Rg3 Ke5 62. h4 Kf5 63. Rg1 Rc6+ 64. Kd1 Kg6 65. Rg4 Rc4 66. Rf4 Be7 67. Kd2 Rxa4 68. Kc3 Rb4 69. Rf1 Rb8 70. Kd4 a4 71. Kxe4 Rb4+ 72. Kd3 Rxh4 73. e4 Bxg5 74. Ra1 a3 75. e5 Be7 76. Kc2 Rh3 77. Rd1 Kf5 78. Re1 Ke6 79. Kb1 Rh2 80. Ka1 Bc5 0-1